Donde esta Spot? / (Record no. 20348)

MARC details
000 -LEADER
fixed length control field 02015cam a2200553 a 4500
001 - CONTROL NUMBER
control field sjds1132152
003 - CONTROL NUMBER IDENTIFIER
control field sjds
005 - DATE AND TIME OF LATEST TRANSACTION
control field 20230908213427.0
008 - FIXED-LENGTH DATA ELEMENTS--GENERAL INFORMATION
fixed length control field 860828t20141980nyua a 000 1 spa
020 ## - INTERNATIONAL STANDARD BOOK NUMBER
International Standard Book Number 9780140557763 (Puffin pbk.) ;
020 ## - INTERNATIONAL STANDARD BOOK NUMBER
International Standard Book Number 0140557768 (Puffin pbk.) ;
035 ## - SYSTEM CONTROL NUMBER
System control number 127213
035 ## - SYSTEM CONTROL NUMBER
System control number (OCoLC)432566929
035 ## - SYSTEM CONTROL NUMBER
System control number 127213
040 ## - CATALOGING SOURCE
Original cataloging agency DLC
Transcribing agency DLC
Modifying agency DLC
-- UtOrBLW
041 1# - LANGUAGE CODE
Language code of text/sound track or separate title spa
Language code of original eng
049 ## - LOCAL HOLDINGS (OCLC)
Holding library IFAB
099 ## - LOCAL FREE-TEXT CALL NUMBER (OCLC)
Filing suffix 2014
100 1# - MAIN ENTRY--PERSONAL NAME
Personal name Hill, Eric,
Dates associated with a name 1927-2014,
Relator term author.
240 10 - UNIFORM TITLE
Uniform title <a href="Where's Spot?">Where's Spot?</a>
Language of a work Spanish
245 10 - TITLE STATEMENT
Title Donde esta Spot? /
Statement of responsibility, etc. Eric Hill ; translated by Teresa Mlawer.
260 ## - PUBLICATION, DISTRIBUTION, ETC. (IMPRINT)
Place of publication, distribution, etc. New York :
Name of publisher, distributor, etc. G.P. Putnam's Sons,
Date of publication, distribution, etc. 2014, c1980
264 #1 - PRODUCTION, PUBLICATION, DISTRIBUTION, MANUFACTURE, AND COPYRIGHT NOTICE
Place of production, publication, distribution, manufacture New York :
Name of producer, publisher, distributor, manufacturer G.P. Putnam's Sons,
Date of production, publication, distribution, manufacture, or copyright notice [2014]
264 #4 - PRODUCTION, PUBLICATION, DISTRIBUTION, MANUFACTURE, AND COPYRIGHT NOTICE
Date of production, publication, distribution, manufacture, or copyright notice c1980
300 ## - PHYSICAL DESCRIPTION
Extent 1 volume (unpaged) :
Other physical details color illustrations ;
Dimensions 22 cm.
336 ## - CONTENT TYPE
Content type term text
Content type code txt
Source rdacontent
337 ## - MEDIA TYPE
Media type term unmediated
Media type code n
Source rdamedia
338 ## - CARRIER TYPE
Carrier type term volume
Carrier type code nc
Source rdacarrier
490 1# - SERIES STATEMENT
Series statement A Lift-the-flap book
500 ## - GENERAL NOTE
General note Cover title.
500 ## - GENERAL NOTE
General note Putnam's Spanish ed. of Where's Spot?
520 ## - SUMMARY, ETC.
Summary, etc. "�Dónde está Spot?...No ha probado su cena. �Dónde podrá estar?"
520 ## - SUMMARY, ETC.
Summary, etc. Where is Spot? He hasn't had his dinner yet. Flaps conceal different animals.
521 1# - TARGET AUDIENCE NOTE
Target audience note De 2 a 6 años.
546 ## - LANGUAGE NOTE
Language note Text in Spanish.
650 #0 - SUBJECT ADDED ENTRY--TOPICAL TERM
Topical term or geographic name as entry element Toy and movable books
Form subdivision Specimens
-- Juvenile literature.
650 #0 - SUBJECT ADDED ENTRY--TOPICAL TERM
Topical term or geographic name as entry element Lift-the-flap books
Form subdivision Specimens
-- Juvenile literature.
650 #0 - SUBJECT ADDED ENTRY--TOPICAL TERM
Topical term or geographic name as entry element Spot (Fictitious character)
Form subdivision Juvenile fiction.
650 #0 - SUBJECT ADDED ENTRY--TOPICAL TERM
Topical term or geographic name as entry element Dogs
Form subdivision Juvenile fiction.
650 #0 - SUBJECT ADDED ENTRY--TOPICAL TERM
Topical term or geographic name as entry element Animals
Form subdivision Juvenile fiction.
650 #7 - SUBJECT ADDED ENTRY--TOPICAL TERM
Topical term or geographic name as entry element Libros de juguete y móviles
Form subdivision Especímenes
-- Literatura juvenil.
Source of heading or term bidex
650 #7 - SUBJECT ADDED ENTRY--TOPICAL TERM
Topical term or geographic name as entry element Libros con solapas
Form subdivision Especímenes
-- Literatura juvenil.
Source of heading or term local
650 #7 - SUBJECT ADDED ENTRY--TOPICAL TERM
Topical term or geographic name as entry element Spot (Personaje literario)
Form subdivision Novela juvenil.
Source of heading or term local
650 #7 - SUBJECT ADDED ENTRY--TOPICAL TERM
Topical term or geographic name as entry element Perros
Form subdivision Novela juvenil.
Source of heading or term bidex
650 #7 - SUBJECT ADDED ENTRY--TOPICAL TERM
Topical term or geographic name as entry element Animales
Form subdivision Novela juvenil.
Source of heading or term bidex
700 1# - ADDED ENTRY--PERSONAL NAME
Personal name Mlawer, Teresa.
830 #0 - SERIES ADDED ENTRY--UNIFORM TITLE
Uniform title Lift-the-flap book.
942 ## - ADDED ENTRY ELEMENTS (KOHA)
Koha item type Libro/Book
Holdings
Withdrawn status Lost status Damaged status Not for loan Home library Current library Date acquired Total Checkouts Full call number Barcode Date last seen Date checked out Price effective from Koha item type
        San Juan Del Sur -- Mobile San Juan Del Sur -- Biblioteca 08/09/2023 2 JC 33017476 17/04/2024 14/03/2024 08/09/2023 Libro/Book

Powered by Koha